01215nam a2200169Ia 4500001001300000003001000013008004100023040002500064041000700089100002400096245005400120250001100174260002500185300001200210500077300222650005000995b5415-36380 IT-MiCISF161014s9999||||xx |||||||||||||| ||und|| aIT-MiCISFcIT-MiCISF ait aFagiani Maria Bruna 0aLineamenti di psicopatologia dell'età evolutiva a1a ed. a RomabCaroccic2002 app. 209 a / adolescenza, salute-mentale, malattie-mentali, problemi-apprendimento, tossicodipendenza, disturbi-alimentazione, abuso-di-minore / In questo libro viene dato ampio spazio alle patologie tipiche dell'infanzia, alle patologie che si manifestano nell'adolescenza e che sfumano da un lato in quelle dell'adulto e dall'altro in quelle di età più precoci, nonché ai problemi derivanti da situazioni ambientali patogene o "difficili" che si traducono in un disagio e in problemi di adattamento, con conseguenti riflessi sul comportamento dei minori che vi si trovano coinvolti. Completano il volume alcuni cenni relativi alle principali teorie dello sviluppo e a quelle riguardanti la genesi dei disturbi trattati, insieme a indicazioni di carattere bibliografico.  a Adolescenti e giovani / età-evolutivae009